000 00647nam a2200181Ia 4500
008 100920s9999 xx 000 0 und d
082 _b97043
_a28 व 375 न 04
100 _aअत्तरदे आय.पी.
245 _a10 वी इंग्रजी हमखास.
260 _bमनोविकास प्रकाशन,मुंबई.
_c2004
300 _a228
_bसाधी
365 _b50
520 _aबा.वि.शालो.
630 _a10 वी इंग्रजी हमखास.
650 _aबा.वि.शालो.
730 _a10 वी इंग्रजी हमखास.
942 _cBOOK
999 _c737482
_d737479